[Event "Vasteras op"]
[Site "Vasteras"]
[Date "2017.10.01"]
[Round "7"]
[White "Seo, Jung Min"]
[Black "Nygren, David"]
[Result "0-1"]
[WhiteElo "2433"]
[BlackElo "2221"]
[PlyCount "58"]
[EventDate "2017.09.29"]
[EventType "swiss"]
[EventRounds "8"]
[EventCountry "SWE"]
[SourceTitle "EXT 2018"]
[Source "ChessBase"]
[SourceDate "2017.10.13"]
[SourceVersion "1"]
[SourceVersionDate "2017.10.13"]
[SourceQuality "1"]

1. e4 e6 2. d4 d5 3. Nc3 Bb4 4. e5 c5 5. a3 Bxc3+ 6. bxc3 Ne7 7. Qg4 Qc7 8. Bd2 cxd4 9. cxd4 Qxc2 10. Qxg7 Rg8 11. Qh6 Nbc6 12. Ne2 Bd7 13. Bc3 Nf5 14. Qd2 Qe4 15. f3 Qh4+ 16. g3 Qh5 17. Qf4 Nce7 18. Bd2 Ba4 19. Bg2 Bb5 20. Bb4 Ng6 21. Qd2 Ngh4 22. Nf4 Nxg2+ 23. Qxg2 Qh6 24. Qd2 Rc8 25. Rc1 Kd7 26. Rc5 Rxc5 27. Bxc5 Nxg3 28. Rg1 Ne4 29. Qe3 Qxf4 0-1

[Event "Vasteras op"]
[Site "Vasteras"]
[Date "2017.09.30"]
[Round "5"]
[White "Brynell, Stellan"]
[Black "Nygren, David"]
[Result "0-1"]
[WhiteElo "2415"]
[BlackElo "2221"]
[PlyCount "104"]
[EventDate "2017.09.29"]
[EventType "swiss"]
[EventRounds "8"]
[EventCountry "SWE"]
[SourceTitle "EXT 2018"]
[Source "ChessBase"]
[SourceDate "2017.10.13"]
[SourceVersion "1"]
[SourceVersionDate "2017.10.13"]
[SourceQuality "1"]

1. d4 Nf6 2. Nf3 c5 3. d5 e6 4. c4 exd5 5. cxd5 d6 6. Nc3 g6 7. Nd2 a6 8. a4 Nbd7 9. e4 Bg7 10. Be2 0-0 11. 0-0 Re8 12. h3 h5 13. Qc2 Nh7 14. a5 b5 15. axb6 Nxb6 16. Nf3 Nd7 17. Nb1 Qe7 18. Nbd2 g5 19. Ra3 Kh8 20. Re1 g4 21. hxg4 hxg4 22. Nh2 Ne5 23. Ndf1 Qh4 24. Ng3 Rg8 25. Bf4 Bf6 26. Rea1 Ng5 27. Nf5 Bxf5 28. exf5 Rab8 29. Bg3 Qh7 30. R1a2 Rb4 31. Ra4 Ne4 32. Rxb4 Nxg3 33. Rf4 Nh5 34. Rxg4 Nxg4 35. Nxg4 Nf4 36. Bf3 Bd4 37. Qe4 Nh5 38. Rxa6 Ng3 39. Qxd4+ cxd4 40. fxg3 Qxf5 41. Nh6 Qb1+ 42. Kh2 Rf8 43. Rxd6 Kg7 44. g4 Rh8 45. g5 Qf5 46. Kg1 Qxg5 47. Ng4 Qc1+ 48. Kf2 d3 49. Rc6 Qxb2+ 50. Kg3 d2 51. Rc4 Qb3 52. Rd4 Qc3 0-1

[Event "Vasteras op"]
[Site "Vasteras"]
[Date "2017.09.30"]
[Round "6"]
[White "Nygren, David"]
[Black "Meier, Georg"]
[Result "0-1"]
[WhiteElo "2221"]
[BlackElo "2651"]
[PlyCount "23"]
[EventDate "2017.09.29"]
[EventType "swiss"]
[EventRounds "8"]
[EventCountry "SWE"]
[SourceTitle "EXT 2018"]
[Source "ChessBase"]
[SourceDate "2017.10.13"]
[SourceVersion "1"]
[SourceVersionDate "2017.10.13"]
[SourceQuality "1"]

1. e4 e6 2. d4 d5 3. Nc3 Nf6 4. e5 Nfd7 5. f4 c5 6. Nf3 Nc6 7. Be3 Be7 8. Qd2 a6 9. dxc5 Nxc5 10. Qf2 Qa5 11. Bd2 Qb6 12. 0-0-0 0-1

[Event "SWE-chT 1617"]
[Site "Sweden"]
[Date "2017.03.26"]
[Round "9.4"]
[White "Nygren, David"]
[Black "Lindahl, Jonas"]
[Result "1-0"]
[WhiteElo "2199"]
[BlackElo "2101"]
[PlyCount "123"]
[EventDate "2016.10.14"]
[EventType "team-tourn"]
[EventRounds "9"]
[EventCountry "SWE"]
[SourceTitle "CBM 177 Extra"]
[Source "ChessBase"]
[SourceDate "2017.04.27"]
[SourceVersion "1"]
[SourceVersionDate "2017.04.27"]
[SourceQuality "1"]
[WhiteTeam "Umea Rockaden"]
[BlackTeam "Malmo"]
[WhiteTeamCountry "SWE"]
[BlackTeamCountry "SWE"]

1. e4 g6 2. Nf3 d6 3. Nc3 Bg7 4. d4 e5 5. Bc4 Nd7 6. Bxf7+ Kxf7 7. Ng5+ Ke8 8. Ne6 Qe7 9. Nd5 Qxe6 10. Nxc7+ Ke7 11. Nxe6 Kxe6 12. dxe5 dxe5 13. Qd5+ Ke7 14. Bg5+ Ngf6 15. 0-0-0 h6 16. Bxf6+ Bxf6 17. f4 exf4 18. Qd6+ Kf7 19. Qxf4 Re8 20. Rhf1 Kg8 21. Qxh6 Bg7 22. Qxg6 Re7 23. Rd5 a5 24. Qg5 Re8 25. Rxa5 Rxa5 26. Qxa5 Nf6 27. e5 Ng4 28. Qd5+ Kh8 29. e6 Ne5 30. e7 Kh7 31. Rf8 Bh6+ 32. Kb1 Bxf8 33. exf8Q Rxf8 34. b3 Re8 35. Qb5 Re7 36. Qc5 Re8 37. Qf2 Kg6 38. h3 Bf5 39. g4 Be4 40. Qf4 Nf3 41. Kb2 Ne1 42. Qd6+ Kf7 43. Qf4+ Kg8 44. Qg5+ Kf8 45. Qh6+ Kf7 46. Qh5+ Bg6 47. Qd5+ Kf8 48. Qd6+ Kf7 49. g5 Re6 50. Qf4+ Ke8 51. Qb8+ Kf7 52. Qxb7+ Ke8 53. Qd5 Ke7 54. Qb7+ Ke8 55. h4 Bxc2 56. h5 Be4 57. Qb8+ Kd7 58. Qa7+ Kc8 59. g6 Rc6 60. g7 Rc2+ 61. Ka3 Rg2 62. Qc5+ 1-0

[Event "SWE-chT 1516 Superettan"]
[Site "Sweden"]
[Date "2015.11.06"]
[Round "1"]
[White "Nygren, David"]
[Black "Moren, Bjorn"]
[Result "1/2-1/2"]
[WhiteElo "2192"]
[BlackElo "2096"]
[PlyCount "139"]
[EventDate "2015.11.06"]
[EventType "team-tourn"]
[EventRounds "9"]
[EventCountry "SWE"]
[SourceTitle "EXT 2018"]
[Source "ChessBase"]
[SourceDate "2017.10.13"]
[SourceVersion "1"]
[SourceVersionDate "2017.10.13"]
[SourceQuality "1"]
[WhiteTeam "Umea Rockaden"]
[BlackTeam "Vaxjo"]
[WhiteTeamCountry "SWE"]
[BlackTeamCountry "SWE"]

1. e4 d5 2. exd5 Qxd5 3. Nc3 Qd6 4. d4 Nf6 5. Nf3 c6 6. g3 g6 7. Bg2 Bg7 8. 0-0 0-0 9. a3 Bg4 10. Re1 Re8 11. h3 Bxf3 12. Bxf3 Na6 13. Bf4 Qd7 14. Kg2 Rad8 15. Qe2 Nc7 16. Rad1 Ne6 17. Be3 Nd5 18. Nxd5 cxd5 19. c3 h5 20. h4 Qd6 21. Bc1 Bf6 22. Qd3 a6 23. Re2 Ng7 24. Bf4 Qd7 25. Be5 Bxe5 26. dxe5 Qc7 27. e6 f5 28. Bxd5 b5 29. Qf3 Rd6 30. Qf4 Qc5 31. Red2 Red8 32. Bb3 Qc6+ 33. f3 Ne8 34. Qh6 Rxd2+ 35. Rxd2 Rxd2+ 36. Qxd2 Qd6 37. Qd4 a5 38. Kf2 Qc6 39. Qd7 Qc5+ 40. Kg2 Kf8 41. Qd4 Qxd4 42. cxd4 Kg7 43. f4 Nd6 44. Bd5 b4 45. axb4 axb4 46. Kf2 Kf8 47. Ke2 Ke8 48. Kd3 Kd8 49. Bc6 Kc7 50. d5 Ne4 51. Be8 Nxg3 52. Bxg6 Kd6 53. Kd4 b3 54. Be8 Ne2+ 55. Ke3 Nc3 56. Bxh5 Nxd5+ 57. Kf3 Kxe6 58. Be8 Nb4 59. Ba4 Nd3 60. Bxb3+ Kf6 61. Ke3 Nxb2 62. Kd4 Kg6 63. Bc2 Kh5 64. Bxf5 Kxh4 65. Bc2 Kg4 66. Ke4 Nc4 67. Bd1+ Kg3 68. f5 Nd6+ 69. Ke5 Nxf5 70. Kxf5 1/2-1/2

[Event "Umea Bjorkstad op"]
[Site "Umea"]
[Date "2015.10.30"]
[Round "2"]
[White "Westerberg, Jonathan"]
[Black "Nygren, David"]
[Result "1-0"]
[WhiteElo "2478"]
[BlackElo "2192"]
[PlyCount "67"]
[EventDate "2015.10.30"]
[EventType "tourn"]
[EventRounds "8"]
[EventCountry "SWE"]
[SourceTitle "CBM 169 Extra"]
[Source "ChessBase"]
[SourceDate "2015.12.18"]
[SourceVersion "1"]
[SourceVersionDate "2015.12.18"]
[SourceQuality "1"]

1. c4 e6 2. Nc3 Nf6 3. e4 d5 4. e5 Nfd7 5. d4 c5 6. cxd5 exd5 7. Nf3 Nc6 8. dxc5 d4 9. Nxd4 Nxd4 10. Qxd4 Bxc5 11. Qe4 0-0 12. Bd3 Nf6 13. Qe2 Ng4 14. 0-0 Qh4 15. h3 Nxf2 16. Rxf2 Qg3 17. Ne4 Bxf2+ 18. Nxf2 Be6 19. Qe4 f5 20. Qf4 Qg6 21. Be3 Rad8 22. Bc4 b6 23. Rc1 Kh8 24. Bxe6 Qxe6 25. b3 Qe7 26. Nh1 Rd5 27. Ng3 Rxe5 28. Bd4 Re1+ 29. Rxe1 Qxe1+ 30. Kh2 Qe6 31. Nh5 Rg8 32. Nxg7 Rxg7 33. Qb8+ Qg8 34. Qxa7 1-0

[Event "SWE-chT 1415 Superettan"]
[Site "Sweden"]
[Date "2015.01.16"]
[Round "6"]
[White "Nygren, David"]
[Black "Sandbom, Jonas"]
[Result "1-0"]
[WhiteElo "2183"]
[BlackElo "2115"]
[PlyCount "49"]
[EventDate "2014.11.21"]
[EventType "team-tourn"]
[EventRounds "9"]
[EventCountry "SWE"]
[SourceTitle "EXT 2018"]
[Source "ChessBase"]
[SourceDate "2017.10.13"]
[SourceVersion "1"]
[SourceVersionDate "2017.10.13"]
[SourceQuality "1"]
[WhiteTeam "Umea Rockaden"]
[BlackTeam "Stockholm Rockaden II"]
[WhiteTeamCountry "SWE"]
[BlackTeamCountry "SWE"]

1. e4 e5 2. Nf3 Nc6 3. Bb5 a6 4. Ba4 Nf6 5. 0-0 Nxe4 6. d4 b5 7. Bb3 d5 8. dxe5 Be6 9. c3 Be7 10. Be3 0-0 11. Qe2 Qe8 12. Rd1 Rd8 13. Nbd2 f5 14. exf6 Nxf6 15. a4 Na5 16. axb5 Nxb3 17. Nxb3 axb5 18. Nbd4 Bd7 19. Ne5 b4 20. Nxd7 Qxd7 21. Bg5 bxc3 22. bxc3 Ne4 23. Bxe7 Rxf2 24. Qe3 Qxe7 25. Nc6 1-0